书目信息 |
| 题名: |
成商在人:商人妙解《红楼梦》
|
|
| 作者: | 李文庠 , 李睿 著 | |
| 分册: | ||
| 出版信息: | 郑州 河南人民出版社 1998.10 |
|
| 页数: | 292页 | |
| 开本: | 32开 | |
| 丛书名: | ||
| 单 册: | ||
| 中图分类: | I207.411 | |
| 科图分类: | ||
| 主题词: | 文学--中国 | |
| 电子资源: | ||
| ISBN: | 7-215-04228-6 | |
| 000 | 00625nam0 2200205 45 | |
| 001 | 0007251659 | |
| 005 | 20000725162901.5 | |
| 010 | @a7-215-04228-6@d14.50元 | |
| 100 | @a20000725d1998 km y0chiy0120 ea | |
| 101 | 0 | @achi |
| 105 | @a z 000yy | |
| 200 | 1 | @a成商在人:商人妙解《红楼梦》@ACheng Shang Zai Ren:Shang Ren Miao Jie《Hong Lou Meng》@f李文庠,李睿著@FLi Wen Xiang,Li Rui Zhu |
| 210 | @a郑州@c河南人民出版社@d1998.10 | |
| 215 | @a292页@d32开 | |
| 606 | 0 | @a文学@x中国 |
| 690 | @aI207.411@v3 | |
| 701 | 0 | @a李文庠@4著 |
| 701 | 0 | @a李睿@4著 |
| 801 | @aCN@bPftUser@c20000725 | |
| 905 | @b78254-258@dI207.411@eL901@f5 | |
| 成商在人:商人妙解《红楼梦》/李文庠,李睿著.-郑州:河南人民出版社,1998.10 |
| 292页;32开 |
| ISBN 7-215-04228-6:14.50元 |
| ● |
| 相关链接 |
|
|
|
正题名:成商在人:商人妙解《红楼梦》
索取号:I207.411/L901
 
预约/预借
| 序号 | 登录号 | 条形码 | 馆藏地/架位号 | 状态 | 备注 |
| 1 | 78254 | 200782545 | 社科二线400B/400B社科库 11排3列2层/ [索取号:I207.411/L901] | 在馆 | |
| 2 | 78255 | 200782554 | 社科二线422/422社科库 22排1列5层/ [索取号:I207.411/L901] | 在馆 | |
| 3 | 78256 | 200782563 | 社科二线400B/400B社科库 11排3列2层/ [索取号:I207.411/L901] | 在馆 | |
| 4 | 78257 | 200782572 | 社科二线400B/400B社科库 11排3列2层/ [索取号:I207.411/L901] | 在馆 | |
| 5 | 78258 | 200782581 | 社科二线400B/400B社科库 11排3列2层/ [索取号:I207.411/L901] | 在馆 |